000 00752nam a22002295a 4500
001 14292367
005 20060308153113.0
008 060308s2006 mau 000 0 eng
010 _a 2006923608
040 _aDLC
_cDLC
042 _apcc
082 _222
_a658.3
_bTYS
100 1 _aTyson, Shaun.
245 1 0 _aEssentials of human resource management /
_cShaun Tyson.
250 _a5th ed.
260 _aBoston, MA :
_bElsevier,
_c2006.
263 _a0605
300 _a464p.:
_bill.;
_c20 cm.
942 _2ddc
_cBB
999 _c10788
_d10788